Missing Word 1991 Books Quiz Stats

 Plays Quiz not verified by Sporcle

Score 0/20 Timer 03:00
0 Plays Today
Hint Answer % Correct
Neither Here nor ___: Travels in Europe by Bill BrysonThere
98.8%
___ and Seek by Ian RankinHide
97.6%
The ___ of All Fears by Tom ClancySum
95.1%
The Six ___ of Henry VIII by Alison WeirWives
95.1%
___ York Dead by Stuart WoodsNew
95.1%
What's Eating Gilbert ___ by Peter HedgesGrape
95.1%
___ Psycho by Bret Easton EllisAmerican
93.9%
Sophie's ___ by Jostein GaarderWorld
72%
___ of Evidence by Patricia CornwellBody
72%
The Dark ___ III: The Waste Lands by Stephen KingTower
70.7%
Hint Answer % Correct
A ___ Acres by Jane SmileyThousand
68.3%
___ of Thieves by James B. StewartDen
59.8%
Complete ___, 1904-1962 by E.E. CummingsPoems
59.8%
The ___ According to Jesus Christ by José SaramagoGospel
54.9%
If You Give a ___ a Muffin by Laura Joffe NumeroffMoose
40.2%
The Kitchen ___'s Wife by Amy TanGod
35.4%
The ___ Diaries: The Fury by L. J. SmithVampire
29.3%
Bravo ___ Zero by Andy McNabTwo
28.4%
The Story of Tracy ___ by Jacqueline WilsonBeaker
22%
___ Swans ... by Jung ChangWild
19.5%

You're not logged in!

Compare scores with friends on all Sporcle quizzes.
OR
Log In

Show Comments

Extras

Top Quizzes Today


Score Distribution

Your Account Isn't Verified!

In order to create a playlist on Sporcle, you need to verify the email address you used during registration. Go to your Sporcle Settings to finish the process.

Report this User

Report this user for behavior that violates our Community Guidelines.

Details: